[Event "9th RUS-chT"]
[Site "Ekaterinburg RUS"]
[Date "2002.05.19"]
[Round "3"]
[White "Djachkov,S"]
[Black "Malakhov,V"]
[Result "1/2-1/2"]
[WhiteElo "2400"]
[BlackElo "2663"]

1.d4 d5 2.c4 e6 3.Nf3 Nf6 4.g3 Bb4+ 5.Bd2 Be7 6.Bg2 O-O 7.O-O c6 8.Qb3 Nbd7
9.Nc3 Nb6 10.cxd5 exd5 11.Ne5 Be6 12.a4 a5 13.Rad1 Ne4 14.Bc1 Nd6 15.Nd3 Nd7
16.Nc5 Bf5 17.Bf4 b6 18.Nd3 Be6 19.Bc1 f5 20.f3 Bf6 21.Be3 Bf7 22.Bf2 Re8
23.Qc2 Rc8 24.Rfe1 Nf8 25.e4 fxe4 26.fxe4 Nxe4 27.Nxe4 dxe4 28.Ne5 Bd5 29.Bxe4 Bxe4
30.Rxe4 Qd5 31.Rde1 b5 32.Ng4 Rxe4 33.Nxf6+ gxf6 34.Qxe4 Qxe4 35.Rxe4 Kf7
36.Be1 b4 37.Bf2 Nd7 38.Kf1 Nb6 39.b3 Nd5 40.Rh4 Kg6 41.Re4 Kf5 42.Re2 Rc7
43.Kg2 Re7  1/2-1/2

[Event "9th RUS-chT"]
[Site "Ekaterinburg RUS"]
[Date "2002.05.20"]
[Round "4"]
[White "Tseshkovsky,V"]
[Black "Malakhov,V"]
[Result "1-0"]
[WhiteElo "2554"]
[BlackElo "2663"]

1.e4 c5 2.Nf3 Nc6 3.d4 cxd4 4.Nxd4 Nf6 5.Nc3 d6 6.Bg5 e6 7.Qd2 a6 8.O-O-O Bd7
9.f4 b5 10.Bxf6 gxf6 11.Nxc6 Bxc6 12.Qe1 Ra7 13.Bd3 Qb6 14.Kb1 h5 15.Qh4 Be7
16.f5 Qc5 17.Rhe1 a5 18.fxe6 fxe6 19.Qg3 b4 20.Ne2 Qe5 21.Nf4 Bf8 22.Qf2 Rg7
23.Bc4 Bd7 24.Bxe6 Bxe6 25.Rd5 Bxd5 26.exd5 Be7 27.Rxe5 fxe5 28.Ne6 Rf7 29.Qe2 Rf6
30.a3 bxa3 31.b3 Kf7 32.Ng5+ Kg7 33.Ne4 Rf4 34.g3 Rf7 35.Ka2 h4 36.Qg4+ Kf8
37.Qc8+ Kg7 38.Qg4+ Kf8 39.Kxa3 hxg3 40.hxg3 Rh2 41.c4 Rf1 42.Ka4 Rb2 43.Qc8+ Kg7
44.Qd7 Rf7 45.Nxd6 Bxd6 46.Qxd6 Re2 47.Qb8 e4 48.Qe5+ Kg8 49.d6 e3 50.d7  1-0

[Event "9th RUS-chT"]
[Site "Ekaterinburg RUS"]
[Date "2002.05.21"]
[Round "5"]
[White "Malakhov,V"]
[Black "Sherbakov,V"]
[Result "1-0"]
[WhiteElo "2663"]
[BlackElo "2425"]

1.e4 c5 2.Nf3 Nc6 3.Bb5 g6 4.Bxc6 dxc6 5.d3 Bg7 6.h3 Nf6 7.Nc3 Nd7 8.Be3 e5
9.Qd2 Qe7 10.Bh6 f6 11.Bxg7 Qxg7 12.Qe3 h5 13.h4 Qh6 14.Nd1 Qxe3+ 15.Nxe3 Nf8
16.c3 Bg4 17.Nd2 Rd8 18.Nxg4 hxg4 19.Ke2 Ne6 20.g3 Rh5 21.Nc4 Ke7 22.a3 Nc7
23.Rad1 Nb5 24.Ne3 f5 25.a4 Nd6 26.exf5 gxf5 27.d4 cxd4 28.cxd4 f4 29.Nxg4 fxg3
30.fxg3 Nf5 31.Rhe1 exd4 32.Kf2+ Kd6 33.Re4 Rf8 34.Kg2 c5 35.Rde1 Rh7 36.Re6+ Kc7
37.R1e5 Rg7 38.Rxc5+ Kd7 39.Rf6 Nxh4+ 40.Kh3 Ng6 41.Rd5+ Ke7 42.Rxf8 Kxf8
43.Rxd4 Rh7+ 44.Kg2 Rc7 45.Ne3 Kf7 46.g4 Ke6 47.Re4+ Kd6 48.Rb4 b6 49.Kf3 Rf7+
50.Kg3 Rc7 51.Kf3 Rc1 52.Ke4 Re1 53.Rb5 Ra1 54.Nf5+ Kc7 55.Rb4 Re1+ 56.Kd5 Kd7
57.Re4 Rg1 58.Rd4 Re1 59.b3 a6 60.Rd2 Ne5 61.Rg2 Nc6 62.Kc4 Re4+ 63.Kc3 Rf4
64.Rd2+ Kc7 65.Ne3 Rf3 66.Kd3 b5 67.axb5 axb5 68.Ke4 Rg3 69.Rd1 Rh3 70.g5 Ne7
71.Rd3 Kc6 72.Rc3+ Kd7 73.Rc5 Rh5 74.Ke5 Rh3 75.Kf4 Ng6+ 76.Ke4 b4 77.Rc2 Rg3
78.Rg2 Rh3 79.Rg4 Ke6 80.Nf5 Rc3 81.Nd4+ Kf7 82.Rg1 Nf8 83.Rf1+ Kg7 84.Kf5 Rc5+
85.Kg4 Re5 86.Nf5+ Kh7 87.Rf4 Rb5 88.Nd4 Rd5 89.Rxf8 Rxd4+ 90.Rf4 Rd6 91.Rxb4 Kg6
92.Rf4 Rb6 93.Rf6+ Rxf6 94.gxf6 Kxf6 95.Kf4 Ke6 96.Ke4 Kd6 97.Kd4 Kc6 98.Kc4  1-0

[Event "ECC"]
[Site "Halkidiki GRE"]
[Date "2002.09.23"]
[Round "2"]
[White "Timoshenko,G"]
[Black "Malakhov,V"]
[Result "1-0"]
[WhiteElo "2528"]
[BlackElo "2668"]

1.e4 c5 2.Nf3 g6 3.d4 Bg7 4.d5 Nf6 5.Nc3 O-O 6.e5 Ne8 7.h4 d6 8.h5 dxe5 9.hxg6 hxg6
10.Bh6 Bxh6 11.Rxh6 Kg7 12.Qd2 Nd6 13.Nxe5 Nd7 14.Nc4 Nf6 15.O-O-O Bd7 16.Bd3 Nxc4
17.Bxc4 Rh8 18.Rdh1 Qb6 19.Qg5 Qd6 20.Bd3 Ng4 21.Rxh8 Rxh8 22.Rxh8 Kxh8 23.Ne4 Qh2
24.Qxe7 Qf4+ 25.Kb1 Kg7 26.Qxc5 Qh2 27.a3 Qxg2 28.Qxa7 Bf5 29.Qd4+ f6 30.d6 Ne5
31.Nxf6 Be6 32.Ne8+ Kf7 33.b3  1-0

[Event "ECC"]
[Site "Halkidiki GRE"]
[Date "2002.09.24"]
[Round "3"]
[White "Malakhov,V"]
[Black "Movsesian,S"]
[Result "0-1"]
[WhiteElo "2668"]
[BlackElo "2654"]

1.e4 c5 2.Nf3 Nc6 3.Bb5 e6 4.O-O Nge7 5.c3 a6 6.Ba4 c4 7.Bc2 Ng6 8.d4 cxd3
9.Qxd3 Qc7 10.a4 Be7 11.Na3 Rb8 12.Be3 O-O 13.Rfd1 Rd8 14.b4 b6 15.Bb3 Bb7
16.Qe2 Nce5 17.Nxe5 Nxe5 18.Rac1 Ng6 19.f3 d5 20.exd5 exd5 21.Qf2 Ba8 22.Bd4 Nf4
23.Qf1 Bb7 24.Nc2 Ne6 25.g3 Bg5 26.f4 Nxd4 27.Nxd4 Bf6 28.Qd3 Re8 29.Qf3 Qd7
30.Qf2 Rbc8 31.Rd3 Re4 32.Rcd1 Rce8 33.Nf3 Qc8 34.Bxd5 Bxd5 35.Rxd5 Qxc3
36.a5 b5 37.Ng5 R4e7 38.Qc5 h6 39.Nh3 Qf3 40.Qf2 Qb3 41.Qc5 Bc3 42.Nf2 Bxb4
43.Qb6 Qf3 44.Re5 Rxe5 45.fxe5 Re6 46.Qc7 Rc6 47.Qd8+ Kh7 48.Kf1 Bxa5  0-1

[Event "ECC"]
[Site "Halkidiki GRE"]
[Date "2002.09.25"]
[Round "4"]
[White "Soffer,R"]
[Black "Malakhov,V"]
[Result "0-1"]
[WhiteElo "2492"]
[BlackElo "2668"]

1.d4 d5 2.c4 e6 3.Nf3 c6 4.e3 f5 5.Ne5 Nf6 6.f4 Be7 7.Be2 O-O 8.O-O b6 9.Nd2 Bb7
10.Ndf3 Ne4 11.Qc2 Nd7 12.Nxd7 Qxd7 13.b3 Bf6 14.Bb2 g5 15.fxg5 Nxg5 16.Nxg5 Bxg5
17.Rf3 Rf7 18.Raf1 Rg7 19.Bd3 Kh8 20.e4 dxe4 21.Bxe4 Bf6 22.Qf2 Rag8 23.g3 Rg4
24.Re1 Bg7 25.h3 fxe4 26.Rf7 Rxg3+ 27.Kh2 e3 28.Rxe3 Qxf7 29.Qxf7 Rxe3 30.Qf2 Re4
31.d5 exd5 32.cxd5 cxd5 33.Bxg7+ Kxg7 34.Qg3+ Kf7 35.Qc7+ Re7 36.Qf4+ Ke6  0-1

[Event "ECC"]
[Site "Halkidiki GRE"]
[Date "2002.09.28"]
[Round "7"]
[White "Malakhov,V"]
[Black "Bacrot,E"]
[Result "1-0"]
[WhiteElo "2668"]
[BlackElo "2653"]

1.c4 Nf6 2.Nc3 e5 3.Nf3 Nc6 4.g3 g6 5.Bg2 Bg7 6.O-O O-O 7.d4 exd4 8.Nxd4 Re8
9.Nc2 d6 10.e4 Ne5 11.b3 c6 12.Ba3 Nfd7 13.Qe2 Nc5 14.Rad1 Qc7 15.Qd2 f5
16.f4 Nf7 17.e5 Rd8 18.exd6 Rxd6 19.Qe3 Rxd1 20.Qe8+ Bf8 21.Rxd1 Qe7 22.Re1 Qxe8
23.Rxe8 Nd7 24.Nd4 Nh6 25.Ne6 Kf7 26.Rxf8+ Kxe6 27.Re8+ Kf7 28.Re7+ Kg8 29.Nd5 Ng4
30.Nc7 Rb8 31.Ne6 Ndf6 32.Bd6 Ra8 33.Nc7 Rb8 34.h3 Nh6 35.Ne8 Nxe8 36.Rxe8+ Kf7
37.Re7+  1-0

[Event "FIDE World Cup Gp A"]
[Site "Hyderabad IND"]
[Date "2002.10.11"]
[Round "2"]
[White "Iuldachev,S"]
[Black "Malakhov,V"]
[Result "0-1"]
[WhiteElo "2511"]
[BlackElo "2670"]

1.e4 c5 2.Nc3 e6 3.g3 Nc6 4.Bg2 g6 5.d3 Bg7 6.Be3 Nd4 7.Nce2 Ne7 8.c3 Nxe2
9.Nxe2 b6 10.Qd2 Ba6 11.Rd1 h5 12.h4 Rc8 13.O-O d5 14.exd5 Nxd5 15.Bg5 Qd7
16.Rfe1 Bb7 17.d4 c4 18.Nf4 Nxf4 19.Bxf4 Bxg2 20.Kxg2 Qd5+ 21.Kg1 Rc6 22.Qe3 f6
23.Qe4 Kf7 24.Qxd5 exd5 25.Re2 Re8 26.Rde1 Rxe2 27.Rxe2 Re6 28.Kf1 Rxe2 29.Kxe2 Ke6
30.f3 Kf5 31.Kf2 b5 32.Kg2 g5 33.hxg5 fxg5 34.Be3 Bf8 35.Bd2 Be7 36.Kf2 g4
37.Ke2 Bf6 38.Be3 Ke6 39.Kf2 Kd7 40.Ke2 Kc6 41.Kf2 b4 42.cxb4 Kb5 43.fxg4 hxg4
44.Ke2 Kxb4 45.Bd2+ Kb5 46.Ke3 a5 47.Bc3 Bg5+ 48.Ke2 a4 49.a3 Kc6 50.Bd2 Be7
51.Bf4 c3 52.Bc1 cxb2 53.Bxb2 Bd6  0-1

[Event "FIDE World Cup Gp A"]
[Site "Hyderabad IND"]
[Date "2002.10.12"]
[Round "3"]
[White "Malakhov,V"]
[Black "Ye Jiangchuan"]
[Result "1-0"]
[WhiteElo "2670"]
[BlackElo "2667"]

1.e4 c5 2.Nf3 d6 3.d4 cxd4 4.Nxd4 Nf6 5.Nc3 a6 6.Be3 e5 7.Nb3 Be6 8.f3 Nbd7
9.Qd2 b5 10.a4 b4 11.Nd5 Bxd5 12.exd5 Nb6 13.Bxb6 Qxb6 14.a5 Qb7 15.Bc4 Be7
16.Ra4 Rb8 17.Nc1 Bd8 18.Nd3 Nxd5 19.Nxe5 dxe5 20.Qxd5 Qxd5 21.Bxd5 Rc8 22.Bb3 O-O
23.Ke2 Be7 24.Rd1 Rfd8 25.Rxd8+ Rxd8 26.Bc4 Ra8 27.Ke3 Kf8 28.Ke4 Bd6 29.Bd3 Ke7
30.Kd5 Rc8 31.Bxa6 Rxc2 32.Bd3 Rc5+ 33.Ke4 g6 34.g4 Ke6 35.g5 Rc7 36.a6 Bc5
37.Bc4+ Kd6 38.b3 Re7 39.Bd5 Rc7 40.Bc4 Re7 41.Ra5 Kc6 42.Bd5+ Kd6 43.Bb7 Ba7
44.Rd5+ Kc7 45.Rb5 Re6 46.Rxb4 f5+ 47.gxf6 Rxf6 48.Kxe5 Rf5+ 49.Ke6 Bf2 50.Bd5 Kc8
51.Kd6  1-0

[Event "6th OIBM"]
[Site "Bad Wiessee GER"]
[Date "2002.10.26"]
[Round "1"]
[White "Malakhov,V"]
[Black "Wegerer,J"]
[Result "1-0"]
[WhiteElo "2670"]
[BlackElo "2080"]

1.e4 c6 2.Nc3 d5 3.Nf3 Bg4 4.h3 Bxf3 5.Qxf3 Nf6 6.d3 e6 7.Qg3 Qb6 8.Be2 d4
9.Nb1 Nbd7 10.O-O g6 11.Nd2 Qc5 12.Nb3 Qb6 13.c3 c5 14.cxd4 cxd4 15.Bf4 Be7
16.Rfc1 Nc5 17.Nxc5 Bxc5 18.Rxc5 Qxc5 19.Be5 Nxe4 20.dxe4 Rg8 21.Rd1 Rd8
22.Bf6 Rc8 23.Rxd4 b5 24.Qd3  1-0

[Event "6th OIBM"]
[Site "Bad Wiessee GER"]
[Date "2002.10.27"]
[Round "2"]
[White "Ferrari,J"]
[Black "Malakhov,V"]
[Result "0-1"]
[WhiteElo "2217"]
[BlackElo "2670"]

1.d4 d5 2.Nf3 c6 3.g3 Nf6 4.Bg2 Bf5 5.O-O h6 6.c4 e6 7.b3 Nbd7 8.Nc3 Bd6
9.Bb2 O-O 10.Nd2 e5 11.e4 exd4 12.Nxd5 Bh7 13.Nxf6+ Qxf6 14.f4 Bc5 15.Kh1 Rad8
16.a3 a5 17.e5 Qe7 18.Ne4 Bxe4 19.Bxe4 f6 20.e6 Qxe6 21.Re1 Qf7 22.Bf5 Rfe8
23.Qd2 Qh5 24.Qd3 Nf8 25.Kg2 Re3 26.Rxe3 dxe3 27.Bh7+ Kh8 28.Qxd8 Qe2+ 29.Kh3 Kxh7
30.Bc3 Qc2 31.Bxa5 Qf5+ 32.Kg2 Qe4+ 33.Kh3 Bd4 34.Rd1 Ne6 35.Qd6 e2 36.Rc1 Be3  0-1

[Event "6th OIBM"]
[Site "Bad Wiessee GER"]
[Date "2002.10.29"]
[Round "4"]
[White "Lerner,K"]
[Black "Malakhov,V"]
[Result "0-1"]
[WhiteElo "2504"]
[BlackElo "2670"]

1.d4 d5 2.c4 e6 3.Nf3 c6 4.Qc2 Nf6 5.Bg5 dxc4 6.Qxc4 b5 7.Qc2 Bb7 8.e4 Nbd7
9.Nbd2 h6 10.Bxf6 Qxf6 11.a4 a6 12.Bd3 Bb4 13.O-O O-O 14.axb5 axb5 15.Nb3 e5
16.Rxa8 Bxa8 17.Nxe5 Nxe5 18.dxe5 Qxe5 19.f4 Qb8 20.Qe2 Qb6+ 21.Kh1 c5 22.Bxb5 Bxe4
23.Bd3 Bb7 24.Nd2 Bxd2 25.Qxd2 Rd8 26.Rd1 Be4 27.Bxe4 Rxd2 28.Rxd2 Qa5 29.Rd1 Kf8
30.Bd5 Qb4 31.b3 Qxf4 32.Bc4 Qe3 33.h3 Ke7 34.Ra1 f5 35.Ra6 Qe1+ 36.Kh2 Qe5+
37.Kh1 f4 38.Ra7+ Kf6 39.Ra6+ Kf5 40.Bd3+ Kg5 41.Rg6+ Kh5 42.Bc2 Qc3 43.Bf5 Qe1+
44.Kh2 Qe5 45.Bd3 f3+ 46.Kh1 Qe3  0-1

[Event "6th OIBM"]
[Site "Bad Wiessee GER"]
[Date "2002.10.30"]
[Round "5"]
[White "Malakhov,V"]
[Black "Kindermann,S"]
[Result "1-0"]
[WhiteElo "2670"]
[BlackElo "2519"]

1.c4 f5 2.Nc3 Nf6 3.g3 g6 4.Bg2 Bg7 5.d3 d6 6.Nf3 O-O 7.O-O Nc6 8.Rb1 a5
9.a3 Nh5 10.Bd2 f4 11.Ng5 e6 12.Nge4 d5 13.cxd5 exd5 14.Nc5 Ne7 15.gxf4 Qd6
16.d4 Bxd4 17.Nd3 c6 18.e4 dxe4 19.Nxe4 Qc7 20.Qb3+ Kh8 21.Ng5 Nf5 22.Ne5 Kg7
23.Ngf3 Nf6 24.Rfe1 c5 25.Rbc1 Qd6 26.Nc4 Qd8 27.Nxd4 Nxd4 28.Qb6 Bg4 29.Qxb7+ Kg8
30.Qxa8 Qxa8 31.Bxa8 Rxa8 32.Kg2 Bf3+ 33.Kf1 Bg4 34.Ne5 Bh3+ 35.Kg1 Re8 36.f3 Nb3
37.Rcd1 Nh5 38.Kf2 Rf8 39.Be3 Be6 40.Rd6 Ng7 41.Red1 Re8 42.Rd8 Kf8 43.Nd7+ Bxd7
44.R1xd7  1-0

[Event "6th OIBM"]
[Site "Bad Wiessee GER"]
[Date "2002.10.31"]
[Round "6"]
[White "Oratovsky,M"]
[Black "Malakhov,V"]
[Result "1/2-1/2"]
[WhiteElo "2567"]
[BlackElo "2670"]

1.e4 c5 2.Nf3 Nc6 3.Bb5 g6 4.Bxc6 bxc6 5.O-O Bg7 6.Re1 f6 7.c3 Nh6 8.d4 cxd4
9.cxd4 Nf7 10.Nc3 d6 11.b3 O-O 12.Bb2 Qa5 13.h3 Qh5 14.Ne2 Qb5 15.Nc3 Qb7
16.Qe2 Bd7 17.Rad1 Rac8 18.Ba3 Be6 19.d5 Bd7 20.Nd4 cxd5 21.Nxd5 Rfe8 22.Rc1 e6
23.Rxc8 Bxc8 24.Nc3 f5 25.Qd2 Qb6 26.Rd1 fxe4 27.Nxe4 d5 28.Nc5 e5 29.Ne2 d4
30.Ng3 Nd6 31.Na4 Qa6 32.Bxd6 Qxd6 33.Ne4 Qd8 34.Nac5 Bf5 35.Qe2 Qd5 36.b4 Rc8
37.g4 Bxe4 38.Nxe4 Qc4 39.Qd2 Bf8 40.a3 Be7 41.Kg2 Qd5 42.Qd3 Rc3 43.Qxc3 dxc3
44.Rxd5 c2 45.Rd7 c1=Q 46.Rxe7 Qxa3 47.Nf6+ Kf8 48.Rd7 h5  1/2-1/2

[Event "Aeroflot Open"]
[Site "Moscow RUS"]
[Date "2003.02.11"]
[Round "1"]
[White "Timoshenko,G"]
[Black "Malakhov,V"]
[Result "1/2-1/2"]
[WhiteElo "2539"]
[BlackElo "2677"]

1.e4 c5 2.Nf3 Nc6 3.d4 cxd4 4.Nxd4 g6 5.c4 Bg7 6.Be3 Nf6 7.Nc3 d6 8.Be2 O-O
9.O-O Bd7 10.Qd2 Nxd4 11.Bxd4 Bc6 12.Bd3 e6 13.Rad1 Qc7 14.Rfe1 Rad8 15.Bf1 b6
16.f3 Rfe8 17.b4 e5 18.Be3 Nh5 19.b5 Ba8 20.Nd5 Bxd5 21.cxd5 f5 22.Rc1 Qf7
23.a4 Bf6 24.Bf2 Rf8 25.a5 bxa5 26.Qxa5 Rd7 27.Rc6 fxe4 28.fxe4 Bd8 29.Qa2 Nf6
30.g3 Ng4 31.Bh3 h5 32.Qe2 Qf6 33.Be3 Qf3 34.Qxf3 Rxf3 35.Bxg4 hxg4 36.Kg2 Bb6
37.Bxb6 axb6 38.Rxb6 Rb3 39.Re2 Kg7 40.Rb8 Kh6 41.b6 Kg5 42.Rf2  1/2-1/2

[Event "TCh-RUS"]
[Site "Togliatti RUS"]
[Date "2003.05.20"]
[Round "5"]
[White "Burmakin,V"]
[Black "Malakhov,V"]
[Result "0-1"]
[WhiteElo "2569"]
[BlackElo "2672"]

1.d4 d5 2.c4 c6 3.Nf3 Nf6 4.e3 Bf5 5.Nc3 e6 6.Nh4 Be4 7.f3 Bg6 8.Qb3 Qc7
9.Bd2 Be7 10.Nxg6 hxg6 11.Rc1 Nbd7 12.g3 Rc8 13.Kf2 g5 14.cxd5 exd5 15.Kg2 Qb6
16.Qxb6 Nxb6 17.Bd3 Rd8 18.h3 Kf8 19.Ne2 Ne8 20.b3 Nc7 21.a4 Nc8 22.e4 Ne6
23.e5 g6 24.g4 Kg7 25.h4 Rxh4 26.Rxh4 gxh4 27.f4 Rh8 28.Rf1 Bd8 29.f5 Nf8
30.Kh3 Nb6 31.f6+ Kg8 32.Nf4 Nh7 33.Nxg6 fxg6 34.Bxg6 Nf8 35.Be8 Ne6 36.g5 Kf8
37.Bg6 Rg8 38.Bb4+ c5 39.dxc5 a5 40.Bxa5 Rxg6 41.Bxb6 Bxb6 42.cxb6 Rxg5 43.b4 Rxe5
44.a5 Re3+ 45.Kxh4 Re4+ 46.Kh5 Kf7 47.b5 Rb4 48.a6 bxa6 49.bxa6 Rxb6 50.Ra1 Rb8
51.a7 Ra8 52.Ra5 Kxf6 53.Kg4 Ke5  0-1

[Event "TCh-RUS"]
[Site "Togliatti RUS"]
[Date "2003.05.21"]
[Round "6"]
[White "Sakaev,K"]
[Black "Malakhov,V"]
[Result "1/2-1/2"]
[WhiteElo "2664"]
[BlackElo "2672"]

1.d4 d5 2.c4 c6 3.Nf3 Nf6 4.Nc3 a6 5.e3 b5 6.b3 Bg4 7.h3 Bxf3 8.gxf3 Nbd7
9.f4 e6 10.c5 Be7 11.Bd3 O-O 12.Qc2 g6 13.Bb2 Nh5 14.Ne2 a5 15.O-O-O f5 16.Ng1 Bh4
17.Nf3 Qe7 18.Rhg1 Ng7 19.Rg2 Rfc8 20.Kb1 Rc7 21.a3 Nf8  1/2-1/2

[Event "TCh-RUS"]
[Site "Togliatti RUS"]
[Date "2003.05.25"]
[Round "10"]
[White "Malakhov,V"]
[Black "Filippov,Va"]
[Result "1-0"]
[WhiteElo "2672"]
[BlackElo "2627"]

1.d4 Nf6 2.Nf3 d5 3.c4 e6 4.Nc3 Bb4 5.Bg5 Nbd7 6.Qa4 c5 7.dxc5 Bxc3+ 8.bxc3 O-O
9.cxd5 Nxc5 10.Qd4 Nce4 11.Bxf6 Qxf6 12.Qxf6 Nxf6 13.dxe6 Bxe6 14.Nd4 Rac8
15.Nxe6 fxe6 16.g3 Rxc3 17.Bh3 Kf7 18.O-O Ne4 19.Rfb1 Nc5 20.Rb2 Ke7 21.a4 Kd6
22.f4 Kc7 23.Bg4 a5 24.Rab1 Rb8 25.Rb6 e5 26.fxe5 Rc4 27.Bf5 Nxa4 28.Re6 Nc3
29.Ra1 Nxe2+ 30.Kg2 Nd4 31.Re7+ Kb6 32.Bxh7 g5 33.e6 Rh8 34.Rb1+ Rb4 35.Rxb4+ axb4
36.Be4 Nc6 37.Rg7 Re8 38.Bd5 Kc5 39.Rxg5 Kd6 40.Bb3 Ne5 41.h4 Rc8 42.h5 Rc3
43.Rxe5  1-0

[Event "4th IECC"]
[Site "Istanbul TUR"]
[Date "2003.06.03"]
[Round "5"]
[White "Malakhov,V"]
[Black "Avrukh,B"]
[Result "1-0"]
[WhiteElo "2672"]
[BlackElo "2586"]

1.e4 c5 2.Nf3 Nc6 3.Bb5 d6 4.O-O Bd7 5.Re1 Nf6 6.c3 a6 7.Bf1 Bg4 8.d3 g6
9.Nbd2 Bg7 10.h3 Bd7 11.d4 cxd4 12.cxd4 Rc8 13.e5 dxe5 14.dxe5 Nd5 15.Ne4 Be6
16.Neg5 O-O 17.Nxe6 fxe6 18.b3 Ncb4 19.Nd4 Qb6 20.Bc4 Kh8 21.a3 Nc3 22.Qd2 Nbd5
23.Bb2 Bh6 24.Qxh6 Qxd4 25.Bxc3 Nxc3 26.Qe3 Qxe3 27.Rxe3 Nd5 28.Rd3 Rc5 29.Rad1 Rf5
30.Bxd5 exd5 31.Rxd5 Rxe5 32.Rxc5 Rxc5 33.Rd8+ Kg7 34.Rd7 Rc1+ 35.Kh2 Kf6
36.Rxb7 Rc3 37.Rb6+ e6 38.g3 h6 39.h4 Kf5 40.a4 a5 41.Rb5+ e5 42.Kg2 Ke4
43.Rxa5 Rxb3 44.Ra8 Ra3 45.Rf8 Rxa4 46.Rf6 Ra2 47.Rxg6 Kd4 48.Rd6+ Kc4 49.Kf3 Ra8
50.Ke4 Rf8 51.Rd2  1-0

[Event "56th ch-RUS"]
[Site "Krasnoyarsk RUS"]
[Date "2003.09.06"]
[Round "4"]
[White "Malakhov,V"]
[Black "Gleizerov,E"]
[Result "1-0"]
[WhiteElo "2696"]
[BlackElo "2565"]

1.Nf3 d5 2.e3 c6 3.c4 e6 4.b3 f5 5.d4 Nf6 6.Bd3 Bd6 7.O-O Qe7 8.Bb2 O-O 9.Qc1 b6
10.Ba3 Bxa3 11.Qxa3 Qxa3 12.Nxa3 Ba6 13.Rfc1 Nbd7 14.b4 Rfc8 15.b5 cxb5 16.cxd5 Nxd5
17.Nxb5 Nc3 18.a4 Bxb5 19.axb5 Rc7 20.Kf1 Kf7 21.Nd2 Rac8 22.Re1 Nf6 23.Ra3 Nfd5
24.Rb3 Na2 25.Bb1 Nac3 26.Bd3 Na2 27.Rb2 Nab4 28.Bb1 Rc1 29.Nb3 Rxe1+ 30.Kxe1 a5
31.bxa6 Nxa6 32.Kd2 Nab4 33.Nc1 Kf6 34.Nd3 Nxd3 35.Bxd3 Rc6 36.f3 Nc7 37.e4 fxe4
38.fxe4 e5 39.d5 Rd6 40.Rc2 Rd7 41.Rc6+ Kf7 42.Rxb6 Ke7 43.Rc6 Kd8 44.Rb6 Ke7
45.Be2 Rd6 46.Rb7 Kd8 47.Bg4 Ne8 48.Kd3 Nc7 49.Kc4 Rf6 50.g3 Rh6 51.Bf5 Rf6
52.Bg4 Rg6 53.h3 h6 54.Kc5 Na6+ 55.Kb5 Nc7+ 56.Kc4 Rf6 57.h4 g6 58.Bh3 g5
59.h5  1-0

[Event "56th ch-RUS"]
[Site "Krasnoyarsk RUS"]
[Date "2003.09.10"]
[Round "7"]
[White "Malakhov,V"]
[Black "Svidler,P"]
[Result "1/2-1/2"]
[WhiteElo "2696"]
[BlackElo "2723"]

1.Nf3 Nf6 2.c4 g6 3.g3 Bg7 4.Bg2 O-O 5.O-O c6 6.d4 d5 7.b3 dxc4 8.bxc4 c5
9.Bb2 cxd4 10.Nxd4 Qb6 11.Qc2 Nc6 12.Nxc6 bxc6 13.Nd2 Bf5 14.Qb3 Rfd8 15.Bc3 Ng4
16.Bxg7 Rxd2 17.Bc3 Rxe2 18.h3 Nf6 19.Rae1 Rc2 20.Qa3 Nd7 21.Ba5 Qc5 22.Qxc5 Nxc5
23.Rxe7 Rxa2 24.Bb4 Nd3 25.Bxc6 Rc8 26.Bb7 Rd8 27.Bc3 Kf8 28.Re3 Rc2 29.Bf6 Re8
30.Rxe8+ Kxe8 31.g4 Be6 32.Bc6+ Kf8 33.Rb1 Rc1+ 34.Rxc1 Nxc1 35.Bb5 Nb3 36.Bb2 Ke7
37.Ba3+ Kd8 38.Bd6 a5 39.c5 Nd4 40.Ba4 Bb3 41.Be5 Nf3+ 42.Kg2 Nxe5 43.Bxb3 f6
44.Bg8 h6 45.f4 Nd3 46.Kf3 g5 47.fxg5 hxg5 48.Ke4 Nxc5+ 49.Kd5 Nd3 50.Ke6 Nf4+
51.Kxf6 Nxh3 52.Ke5 Kd7 53.Kd4 Nf2 54.Bh7 Kc6 55.Bf5 Kb5 56.Kc3  1/2-1/2

[Event "56th ch-RUS"]
[Site "Krasnoyarsk RUS"]
[Date "2003.09.11"]
[Round "8"]
[White "Dvoirys,S"]
[Black "Malakhov,V"]
[Result "1/2-1/2"]
[WhiteElo "2555"]
[BlackElo "2696"]

1.e4 c5 2.Nf3 Nc6 3.d4 cxd4 4.Nxd4 g6 5.c4 Nf6 6.Nc3 d6 7.Be2 Nxd4 8.Qxd4 Bg7
9.Be3 O-O 10.Qd2 Be6 11.O-O Qa5 12.b3 a6 13.f3 Rfc8 14.a4 Nd7 15.Rfc1 Qb4
16.Qc2 f5 17.Rab1 Qxc3 18.Qxc3 Bxc3 19.Rxc3 fxe4 20.fxe4 b5 21.Bg5 bxc4 22.bxc4 Kf7
23.Rb7 Rc5 24.h4 Ke8 25.Bf3 Rac8 26.Ra7 Ra5 27.e5 Rxe5 28.Rxa6 Rxc4 29.Rxc4 Bxc4
30.Ra7 Nc5 31.a5 Kf7 32.Kh2 d5 33.Rc7 Nd3 34.Ra7 Nb4 35.Rb7 Na6 36.Rd7 Ke8
37.Ra7 Nc5 38.Rc7 Ne4 39.Bf4 Re6 40.Be3 h5 41.Bf4 Nf6 42.Rb7 Nd7 43.Bd1 Nc5
44.Rc7 Na6 45.Ba4+ Kf7 46.Rc8 Re2 47.Bg5 Bd3 48.Ra8 Nc5 49.Be8+ Kg7 50.Ra7 Kf8
51.Ra8 Kg7 52.Ra7 Kf8  1/2-1/2

[Event "ECC"]
[Site "Rethymnon GRE"]
[Date "2003.09.29"]
[Round "2"]
[White "Malakhov,V"]
[Black "Navara,D"]
[Result "1/2-1/2"]
[WhiteElo "2696"]
[BlackElo "2608"]

1.e4 c5 2.Nf3 d6 3.d4 cxd4 4.Nxd4 Nf6 5.Nc3 a6 6.Be3 Nc6 7.Be2 e6 8.Qd2 Be7
9.O-O-O O-O 10.Kb1 Nxd4 11.Qxd4 b5 12.e5 dxe5 13.Qxe5 Bd7 14.Bf3 Rc8 15.Bd4 Bc6
16.Ne4 Bxe4 17.Bxe4 Bd6 18.Qg5 h6 19.Bxf6 hxg5 20.Bxd8 Rfxd8 21.c3 a5 22.a3 Kf8
23.h3 Ke7 24.f3 Kd7 25.Rd2 Kc7 26.Rhd1 Be7 27.Kc2 Rxd2+ 28.Rxd2 Rd8 29.Rxd8 Bxd8
30.Kb3 f5 31.Bd3 Kc6 32.a4 bxa4+ 33.Kxa4 g4 34.Bb5+ Kb6 35.Bd7 Bg5 36.fxg4 f4
37.Bxe6 Bh4 38.Kb3 Kc5 39.Bf7 g5 40.Be8 Be1 41.Bd7 Bf2 42.Kc2 Be1 43.Kd3 Bf2
44.Ke4 Bg3 45.Ba4 Bh4 46.Ke5 Bf2 47.Kf5 Bh4 48.Ke6 Be1 49.Ke7 Bf2 50.Ke6  1/2-1/2

[Event "2nd Milk Tournament"]
[Site "Selfoss ISL"]
[Date "2003.10.29"]
[Round "1"]
[White "Rowson,J"]
[Black "Malakhov,V"]
[Result "0-1"]
[WhiteElo "2541"]
[BlackElo "2696"]

1.e4 c5 2.Nf3 Nc6 3.d4 cxd4 4.Nxd4 g6 5.c4 Nf6 6.Nc3 d6 7.Be2 Nxd4 8.Qxd4 Bg7
9.Be3 O-O 10.Qd2 Be6 11.O-O Qa5 12.Rab1 Rfc8 13.b3 Ng4 14.Nd5 Qxd2 15.Bxd2 Kf8
16.Bg5 Bxd5 17.exd5 Nf6 18.Bd3 h6 19.Bd2 Nd7 20.Rfe1 a5 21.Rbc1 Rc7 22.f4 Bd4+
23.Kf1 a4 24.b4 Rac8 25.Re4 Bb2 26.Rc2 a3 27.Bc3 Nb6 28.Bxb2 axb2 29.Rxb2 Nxc4
30.Rf2 Nb6 31.Rd4 Rc1+ 32.Ke2 Ra8 33.Ke3 Ra3 34.g4 Nc4+ 35.Ke2 Rxa2+ 36.Kf3 Ra3
37.Kg2 Ne3+  0-1

[Event "2nd Milk Tournament"]
[Site "Selfoss ISL"]
[Date "2003.10.30"]
[Round "2"]
[White "Fressinet,L"]
[Black "Malakhov,V"]
[Result "1/2-1/2"]
[WhiteElo "2654"]
[BlackElo "2696"]

1.e4 c5 2.Nf3 Nc6 3.c3 d5 4.exd5 Qxd5 5.d4 e6 6.Bd3 cxd4 7.cxd4 Nf6 8.O-O Be7
9.Nc3 Qd8 10.a3 O-O 11.Re1 b6 12.Bc2 Ba6 13.Bg5 Rc8 14.Qd2 Nd5 15.Nxd5 Qxd5
16.Rad1 Bxg5 17.Nxg5 h6 18.Nf3 Ne7 19.Ne5 Qd6 20.Bb3 Nd5 21.Re4 Rc7 22.Rg4 Nf6
23.Rf4 Rfc8 24.Re1 Nd5 25.Rg4 Kf8 26.Rg3 Bb7 27.h3 Nf6 28.Qf4 Rd8 29.Rd3 Bd5
30.Bd1 Bb7 31.Bb3 Bd5  1/2-1/2

[Event "2nd Milk Tournament"]
[Site "Selfoss ISL"]
[Date "2003.11.02"]
[Round "4"]
[White "Sokolov,I"]
[Black "Malakhov,V"]
[Result "1/2-1/2"]
[WhiteElo "2695"]
[BlackElo "2696"]

1.d4 d5 2.c4 c6 3.Nf3 Nf6 4.Nc3 a6 5.c5 Nbd7 6.h3 Qc7 7.Bg5 h6 8.Bh4 Nh5
9.g4 g5 10.gxh5 gxh4 11.e4 dxe4 12.Nxe4 Bg7 13.Nc3 Nf6 14.Bc4 Qf4 15.Qe2 Bf5
16.Rg1 O-O 17.Qe3 Nxh5 18.Ne5 Kh7 19.Ne2 Qxe3 20.fxe3 Bxe5 21.dxe5 Rad8 22.Nd4 e6
23.Rf1 Bg6 24.O-O-O Ng3 25.Rf4 Nf5 26.Nxf5 Rxd1+ 27.Kxd1 Bxf5 28.Rxh4 Rd8+
29.Ke1 Kg7 30.b4 Rd7 31.a4 Kg6 32.Be2 Kg5  1/2-1/2

[Event "2nd Milk Tournament"]
[Site "Selfoss ISL"]
[Date "2003.11.06"]
[Round "8"]
[White "De Firmian,N"]
[Black "Malakhov,V"]
[Result "1/2-1/2"]
[WhiteElo "2553"]
[BlackElo "2696"]

1.e4 c5 2.Nf3 Nc6 3.d4 cxd4 4.Nxd4 g6 5.c4 Nf6 6.Nc3 d6 7.Be2 Nxd4 8.Qxd4 Bg7
9.Bg5 O-O 10.Qd2 Be6 11.Rc1 Qa5 12.f3 Rfc8 13.b3 a6 14.Nd5 Qxd2+ 15.Kxd2 Nxd5
16.cxd5 f6 17.dxe6 fxg5 18.Rxc8+ Rxc8 19.Rg1 Rc7 20.Rc1 Rxc1 21.Kxc1 Be5
22.h3 Kg7 23.Bc4 b5 24.Bd5 b4 25.Kd2 Kf6 26.Kd3 Bg3 27.Bc4 Bf2 28.Bd5 Ke5
29.Bc4 a5 30.Bd5 Kf4 31.Ke2 Bc5 32.Bc4 Bd4 33.Bd5 Kg3 34.Kf1 h5 35.Bc6 g4
36.hxg4 hxg4 37.fxg4 Kxg4 38.Ke2 g5 39.Bd5 Kg3 40.Kf1 Bc3 41.Bc6 Bb2 42.Bd5 Bc1
43.Bc6 Kf4 44.Ke2 g4 45.Bd5 Kg3 46.Kf1 Bg5 47.Bc6 Kf4 48.Ke2 Ke5 49.Bd5 Kd4
50.Bc6 Bf4 51.Bd5 Kc3 52.Bc6 Be5 53.Ba4 Bd4 54.Bc6 Bb6 55.Ba4 Bc5  1/2-1/2

[Event "2nd Milk Tournament"]
[Site "Selfoss ISL"]
[Date "2003.11.07"]
[Round "9"]
[White "Malakhov,V"]
[Black "Thorhallsson,T"]
[Result "1-0"]
[WhiteElo "2696"]
[BlackElo "2444"]

1.c4 e6 2.d4 d5 3.Nc3 Nf6 4.cxd5 exd5 5.Bg5 c6 6.e3 Be7 7.Qc2 Nbd7 8.Bd3 Nh5
9.Bxe7 Qxe7 10.O-O-O Nhf6 11.Nf3 O-O 12.g4 Re8 13.g5 Ne4 14.h4 Nxc3 15.Bxh7+ Kh8
16.bxc3 Nb6 17.Bd3 Bg4 18.Be2 Nc4 19.Ng1 Bxe2 20.Nxe2 a5 21.g6 f6 22.Rdg1 Ra6
23.h5 Qa3+ 24.Kd1 Rb6 25.h6 Nd6 26.hxg7+ Kxg7 27.Rh7+ Kg8 28.g7 Re7 29.Rh8+ Kf7  1-0

[Event "Aeroflot Open"]
[Site "Moscow RUS"]
[Date "2004.02.24"]
[Round "8"]
[White "Fedorov,Alex"]
[Black "Malakhov,V"]
[Result "1-0"]
[WhiteElo "2601"]
[BlackElo "2700"]

1.e4 c5 2.Nf3 Nc6 3.d4 cxd4 4.Nxd4 g6 5.Nc3 Bg7 6.Be3 Nf6 7.Bc4 O-O 8.Bb3 a5
9.O-O d6 10.Ndb5 b6 11.f3 Ba6 12.Qd2 Ne5 13.a4 Rc8 14.Rfd1 Nfd7 15.Bg5 Bxb5
16.Nxb5 Nc5 17.Bd5 Qd7 18.Qe2 Nc6 19.c3 Na7 20.Kh1 Kh8 21.Rd2 h6 22.Be3 Kh7
23.Bg1 Be5 24.g3 Bg7 25.Ra3 Rb8 26.b4 Nxa4 27.Nxa7 Nxc3 28.Qd3 Qxa7 29.bxa5 e6
30.Ba2 Rfc8 31.Rc2 Qa8 32.a6 Rc6 33.Rcxc3 Rxc3 34.Rxc3 Bxc3 35.Qxc3 Qxa6
36.Bxe6 Qb7 37.Bd5 Qe7 38.Bd4 b5 39.Qc6 b4 40.Bb3 h5 41.Kg2 Rf8 42.Qb6 f5
43.Bc2 Ra8 44.Qc6 Rf8 45.exf5 gxf5 46.Kh3 Kh6 47.Qd5 Kg5 48.Bd3 Rf7 49.Kg2 Kg6
50.h4 b3 51.Qxb3 Qe1 52.Qb8  1-0